| 000 -LEADER |
| fixed length control field |
01656nam a2200193Ia 4500 |
| 020 ## - INTERNATIONAL STANDARD BOOK NUMBER |
| ISBN |
9250052928 |
| 040 ## - CATALOGING SOURCE |
| Transcribing agency |
FQG |
| 082 ## - DEWEY DECIMAL CLASSIFICATION NUMBER |
| Classification number |
338 FOO 2005 A065 Or. |
| 245 10 - TITLE STATEMENT |
| Title |
Report of the Fourth Intergovernmental Consultation on the Establishment of a Southwest Indian Ocean Fisheries Commission, Mahe, Seychelles, 13-16 July 2004 = |
| Remainder of title |
Rapport de la quatri©·me consultation intergouvernementale sur la cr©♭ation d'une commission des p©®ches pour le sud-ouest de l'Oc©♭an Indien, Mah©♭, Seychelles, 13-16 juillet 2004 |
| 246 31 - VARYING FORM OF TITLE |
| Title proper/short title |
Rapport de la quatri©·me consultation intergouvernementale sur la cr©♭ation d'une commission des p©®ches pour le sud-ouest de l'Oc©♭an Indien |
| 260 ## - PUBLICATION, DISTRIBUTION, ETC. (IMPRINT) |
| Place of publication |
Harare : |
| Name of publisher |
Food and Agriculture Organization of the United Nations, Subregional Office for Southern and East Africa, |
| Year of publication |
c2005 |
| 300 ## - PHYSICAL DESCRIPTION |
| Number of Pages |
vi, 78 p. : |
| Other physical details |
map ; |
| Dimensions |
30 cm |
| 490 1# - SERIES STATEMENT |
| Series statement |
FAO fisheries report ; |
| -- |
FAO rapport sur les p©®ches ; no 776 |
| 500 ## - GENERAL NOTE |
| General note |
The Consultation was attended by delegates from ten States, the European Community, and two observer organizations. The Consultation unanimously adopted a draft Resolution and Statutes for the establishment of the South West Indian Ocean Fisheries Commission for submission to the FAO Council. The Consultation also carried out a first reading and discussion of a draft text of an instrument for the high seas. As an interim measure, until the establishment of a high seas instrument, a Resolution concerning the collection and handling of information and data was adopted |
| 500 ## - GENERAL NOTE |
| General note |
"SAFR/R776 (Bi)." |
| 650 #0 - SUBJECT ADDED ENTRY--TOPICAL TERM |
| Topical Term |
Fishery management, International |
| 650 #0 - SUBJECT ADDED ENTRY--TOPICAL TERM |
| Topical Term |
Fisheries |
| 942 ## - ADDED ENTRY ELEMENTS (KOHA) |
| Koha item type |
សៀវភៅភាសាអង់គ្លេស |
| 952 ## - LOCATION AND ITEM INFORMATION (KOHA) |
| Withdrawn status [LOCAL, KOHA] |
0 |